LIBRARY & INFORMATION CENTRE, KCAET, TAVANUR

ONLINE PUBLIC ACCESS CATALOGUE (OPAC)

Fundamentals of Electricity for Agriculture / (Record no. 2997)

MARC details
000 -LEADER
fixed length control field 00437cam a2200169ua 4500
003 - CONTROL NUMBER IDENTIFIER
control field OSt
008 - FIXED-LENGTH DATA ELEMENTS--GENERAL INFORMATION
fixed length control field 250130b |||||||| |||| 00| 0 eng d
020 ## - INTERNATIONAL STANDARD BOOK NUMBER
ISBN 0-87055-327-5
041 ## - LANGUAGE CODE
Language code of text/sound track or separate title eng
082 ## - DEWEY DECIMAL CLASSIFICATION NUMBER
Classification number 621.3
Item number GUS/FO
100 ## - MAIN ENTRY--AUTHOR NAME
Personal name Gustafsen , Robert J .
245 ## - TITLE STATEMENT
Title Fundamentals of Electricity for Agriculture /
250 ## - EDITION STATEMENT
Edition statement 1 /
260 ## - PUBLICATION, DISTRIBUTION, ETC. (IMPRINT)
Place of publication Connecticut :
Name of publisher AVI Publishing Co ,
Year of publication 1980.
300 ## - PHYSICAL DESCRIPTION
Number of Pages 294 ; .
942 ## - ADDED ENTRY ELEMENTS (KOHA)
Koha item type Books
Holdings
Withdrawn status Lost status Damaged status Home library Current library Date acquired Full call number Accession Number Koha item type
      KAUAET KAUAET 07/04/2012 621.3 GUS/FO 19845 Reference
      KAUAET KAUAET 26/03/1987 621.3 GUS/FO 16156 Books
      KAUAET KAUAET 07/04/2012 621.3 GUS/FO 19476 Books
free website counter